000 00482nam a22001577a 4500
005 20251108164403.0
008 250721s1993 xx 000 0 ara d
082 1 4 _a226/مهد
100 1 _aالمهدلي، محمد عقيل
245 1 0 _aتمهيد لدراسة الأناجيل الأربعة و إنجيل برنابا /
264 1 _aالقاهره :
_bدار الحديث،
_c1993.
300 _a104ص.
650 1 7 _aالأناجيل
942 _2ddc
_cBK
999 _c10910
_d10910